| 000 | 00512nam a22001937a 4500 | ||
|---|---|---|---|
| 003 | OSt | ||
| 005 | 20220107122749.0 | ||
| 008 | 140528b xxu||||| |||| 00| 0 eng d | ||
| 020 | _a9788184897524 | ||
| 040 | _cIIITM-K | ||
| 082 | _a004.0151 MAK/S | ||
| 100 |
_aMakinson, David _95587 |
||
| 245 |
_aSets logic and Maths for computing _cby David Makinson |
||
| 260 |
_aNew Delhi, _bSpringer, _c2008. |
||
| 300 | _axv, 302p. | ||
| 650 |
_aCOMPUTER SCIENCE _95588 |
||
| 650 |
_aMATHEMATICS _95589 |
||
| 942 |
_2ddc _cBK |
||
| 999 |
_c4299 _d4299 |
||